000 00460nam a2200145Ia 4500
082 _a005.133L
_bASH
_cMCE
100 _aAshi, Muhammad Anwar.
_936691
245 _aLotus 1.2.3
_ba traning guide of LOTUS 1-2-3
_cAshi, Muhammad Anwar.
260 _aLahore:
_bHamdard Kutab Khana,
_c1992
300 _a143p. :ill.
_c22 cm.
526 _a0
_b0
_c0
_d005_000000000000000_133L_ASH
650 _aLotus (Computer Program)
_936692
650 _aMCE
_9379
942 _2ddc
_cBK
999 _c541693
_d541693